<?xml version="1.0" encoding="UTF-8"?>
<record
    xmlns:xsi="http://www.w3.org/2001/XMLSchema-instance"
    xsi:schemaLocation="http://www.loc.gov/MARC21/slim http://www.loc.gov/standards/marcxml/schema/MARC21slim.xsd"
    xmlns="http://www.loc.gov/MARC21/slim">

  <leader>00834nam a22001817a 4500</leader>
  <controlfield tag="003">BDDh-ASL</controlfield>
  <controlfield tag="005">20231015031224.0</controlfield>
  <controlfield tag="008">200927b20202015bg ||||| |||| 00| 0 e   d</controlfield>
  <datafield tag="040" ind1=" " ind2=" ">
    <subfield code="a">BDDh-ASL</subfield>
    <subfield code="c">BDDh-ASL</subfield>
    <subfield code="d">BDDh-ASL</subfield>
  </datafield>
  <datafield tag="082" ind1=" " ind2=" ">
    <subfield code="a">923.5492 </subfield>
    <subfield code="b">WAL</subfield>
  </datafield>
  <datafield tag="100" ind1="1" ind2=" ">
    <subfield code="a">Wahab, ATM Abdul</subfield>
    <subfield code="c">Major General (retd)</subfield>
    <subfield code="9">7506</subfield>
  </datafield>
  <datafield tag="245" ind1="1" ind2="4">
    <subfield code="a">The Lion of Bengal: </subfield>
    <subfield code="b">On birth centenary of Father of the nation /</subfield>
  </datafield>
  <datafield tag="260" ind1=" " ind2=" ">
    <subfield code="a">Dhaka: </subfield>
    <subfield code="b">Pan Pacific Venture, </subfield>
    <subfield code="c">2020.</subfield>
  </datafield>
  <datafield tag="300" ind1=" " ind2=" ">
    <subfield code="a">208 p.: </subfield>
    <subfield code="c">22 cm. </subfield>
  </datafield>
  <datafield tag="600" ind1=" " ind2="0">
    <subfield code="9">1171</subfield>
    <subfield code="a">&#x9B0;&#x9B9;&#x9AE;&#x9BE;&#x9A8;, &#x9B6;&#x9C7;&#x996; &#x9AE;&#x9C1;&#x99C;&#x9BF;&#x9AC;&#x9C1;&#x9B0; </subfield>
    <subfield code="c">&#x9AC;&#x999;&#x9CD;&#x997;&#x9AC;&#x9A8;&#x9CD;&#x9A7;&#x9C1; </subfield>
  </datafield>
  <datafield tag="650" ind1=" " ind2="0">
    <subfield code="9">4442</subfield>
    <subfield code="a">&#x9AC;&#x999;&#x9CD;&#x997;&#x9AC;&#x9A8;&#x9CD;&#x9A7;&#x9C1; (Bangabandhu) &#x9B6;&#x9C7;&#x996; &#x9AE;&#x9C1;&#x99C;&#x9BF;&#x9AC;&#x9C1;&#x9B0; &#x9B0;&#x9B9;&#x9AE;&#x9BE;&#x9A8; (Sheikh Mujibur Rahman) </subfield>
    <subfield code="x">&#x9AE;&#x9C1;&#x995;&#x9CD;&#x9A4;&#x9BF;&#x9AF;&#x9C1;&#x9A6;&#x9CD;&#x9A7; (Muktijuddha) Liberation War </subfield>
    <subfield code="z">&#x9AC;&#x9BE;&#x982;&#x9B2;&#x9BE;&#x9A6;&#x9C7;&#x9B6; (Bangladesh) </subfield>
  </datafield>
  <datafield tag="942" ind1=" " ind2=" ">
    <subfield code="2">ddc</subfield>
    <subfield code="c">BK</subfield>
  </datafield>
  <datafield tag="952" ind1=" " ind2=" ">
    <subfield code="0">0</subfield>
    <subfield code="1">0</subfield>
    <subfield code="2">ddc</subfield>
    <subfield code="4">0</subfield>
    <subfield code="7">0</subfield>
    <subfield code="8">NFIC</subfield>
    <subfield code="a">ASL</subfield>
    <subfield code="b">ASL</subfield>
    <subfield code="c">WAC</subfield>
    <subfield code="d">2023-03-12</subfield>
    <subfield code="e">Donated by Prof. Wakil Ahmed</subfield>
    <subfield code="l">0</subfield>
    <subfield code="o">923.5492  WAL</subfield>
    <subfield code="p">119606</subfield>
    <subfield code="r">2023-03-12 00:00:00</subfield>
    <subfield code="t">C-1</subfield>
    <subfield code="w">2023-03-12</subfield>
    <subfield code="y">BK</subfield>
  </datafield>
  <datafield tag="952" ind1=" " ind2=" ">
    <subfield code="0">0</subfield>
    <subfield code="1">0</subfield>
    <subfield code="2">ddc</subfield>
    <subfield code="4">0</subfield>
    <subfield code="7">0</subfield>
    <subfield code="8">NFIC</subfield>
    <subfield code="a">ASL</subfield>
    <subfield code="b">ASL</subfield>
    <subfield code="c">BC</subfield>
    <subfield code="d">2023-04-07</subfield>
    <subfield code="e">Complimentary</subfield>
    <subfield code="l">0</subfield>
    <subfield code="o">923.5492  WAL</subfield>
    <subfield code="p">120549</subfield>
    <subfield code="r">2023-04-07 00:00:00</subfield>
    <subfield code="t">C-2</subfield>
    <subfield code="w">2023-04-07</subfield>
    <subfield code="y">BK</subfield>
    <subfield code="z">Y-2020</subfield>
  </datafield>
  <datafield tag="999" ind1=" " ind2=" ">
    <subfield code="c">31031</subfield>
    <subfield code="d">31031</subfield>
  </datafield>
</record>
